Regióny krajín strednej a východnej Európy z pohľadu vybraných ukazovateľov cestovného ruchu

Viacrozmerná klasifikácia regiónov podľa troch ukazovateľov štatistík cestovného ruchu. Vytvorenie modelu zhlukovej analýzy, pomocou ktorého autorky sledujú zoskupenie regiónov do zhlukov (skupín) na základe podobných úrovní jednotlivých ukazovateľov. Ukázala sa značná odlišnosť regiónov krajín SVE...

Full description

Saved in:
Bibliographic Details
Main Author: Liptáková, Erika
Other Authors: Hajduová, Zuzana, 1974-
Format: Book Chapter
Language:Slovak
Subjects:
Tags: Add Tag
No Tags, Be the first to tag this record!

MARC

LEADER 00000naa$a2200000$$$4500
001 0109658
005 20240502083254.8
041 0 |a slo 
044 |a CZ 
245 1 0 |a Regióny krajín strednej a východnej Európy z pohľadu vybraných ukazovateľov cestovného ruchu  |c Erika Liptáková, Zuzana Hajduová 
520 |a Viacrozmerná klasifikácia regiónov podľa troch ukazovateľov štatistík cestovného ruchu. Vytvorenie modelu zhlukovej analýzy, pomocou ktorého autorky sledujú zoskupenie regiónov do zhlukov (skupín) na základe podobných úrovní jednotlivých ukazovateľov. Ukázala sa značná odlišnosť regiónov krajín SVE vo vybraných ukazovateľoch cestovného ruchu. 
610 2 0 |a ruch cestovný 
610 2 0 |a SVE 
610 2 0 |a analýza zhluková 
610 2 0 |a modely 
100 1 |a Liptáková, Erika 
700 1 |a Hajduová, Zuzana, 1974-